000 00451nam a2200157 i 4500
001 38414
003 ES-MaACL
005 20230906155743.0
007 t|
008 030225s1943 sp ||||1| spa d
100 1 _aCallejón, Nicolás-Miguel.
_933741
245 1 0 _aRomero verde
_b: poesías /
_cNicolás-Miguel Callejón.
260 _aMadrid :
_b[s.n.,
_c1943] (
_fImp. Sèz)
300 _a117 p. ;
_c23 cm.
852 _aES-MaACL
_j1926-F-15
_bR.31252
999 _c38414
_d38414